000 00424nam a2200169 i 4500
001 113497
003 ES-MaACL
005 20230906185920.0
007 t|
008 061121s1931 po r ||||1| por d
100 1 _aNobre, Antonio.
_985808
245 1 0 _aSó /
_cAntonio Nobre.
250 _a5ª ed.
260 _aPorto :
_bAraujo & Sobrinho,
_c1931.
300 _a235 p. :
_bil. ;
_c19 cm.
852 _aES-MaACL
_jA-2768
999 _c113497
_d113497